| 000 | 03174nam a2200313 a 4500 | ||
|---|---|---|---|
| 003 | DO-SdBNP | ||
| 005 | 20240316073906.0 | ||
| 007 | ta | ||
| 008 | 220603e2017 dr ao||gr|||| 001 edspa d | ||
| 020 | _a9789945462982 | ||
| 040 |
_aDO-SdBNP _bspa _cBNPHU |
||
| 082 | 4 |
_a972.93 _bV443h 2017 _222 |
|
| 100 | 1 |
_aVeloz Maggiolo, Marcio, _d1936-2021 _91104 |
|
| 245 | 1 | 0 |
_aHistoria de la cultura dominicana : _bmomentos formativos / _cMarcio Veloz Maggiolo; prólogo, José Chez Checo. |
| 250 | _a2a. ed. corr. y ampl. | ||
| 260 |
_aSanto Domingo : _bComisión Permanente de Efemérides Patrias, _c2017 |
||
| 300 |
_a369 p. : _bil., fotogr. ; _c23 cm. |
||
| 500 | _aIncluye datos biográficos del autor en la solapa de la portada y biografía completa, p. 351- 355 . | ||
| 504 | _aBibliografía: p. 357-364 | ||
| 505 | 0 |
_aPresentación -- _tPrólogo / _rJosé Chez Checo.-- _tPalabras liminares.-- _tIntroducción.-- _tEl espacio caribeño.-- _tLa visión etnocéntrica.-- _tLas lenguas europeas como separadoras.-- _tNuestra razón isleña.-- _tLas sociedades iniciales y las culturales tempranas.-- _tLos modelos sociales originarios.-- _tLas culturas agrícolas.-- _tLas sociedades indígenas, tierra, agricultura y alimentos.-- _tLa sociedad taína. Resumen.-- _tLa llegada del europeo. _tLa ruptura de las formas estéticas.-- |
|
| 505 | 0 |
_aLos primeros mestizajes.-- _rAdaptaciones culturales hispano-indígenas.-- _tSanto Domingo (1496-98).-- _tLa ciudad de Ovando.-- _tLa economía inicial de la Colonia.-- _t1605- 1606. El primer asomo de identidad.-- _tCrisis en el siglo XVII.-- _tLa diferencia isleña.-- _tLa identidad bélica.-- _tCultura y letras.-- _tLa patria del criollo.-- _tVida, festividad y herencias formativas.-- _tCalenda y fandango.-- _tLas serenatas o serenatos.-- _tLos compadrazgos.-- _tLa remisión de materiales culturales.-- _tLos primero bailes de sociedad.-- _tLa supervivencia formativa.-- _tLa etapa formativa borbónica y la cultura.-- _tLas reprobaciones como política borbónica.-- _tDatos para el "formativo".-- _tLa transición criolla, S. XVII- XVIII.-- _tUn aparte canario.-- _tPoblados hateros.-- _tCostumbres urbanas.-- _tDel formativo criollo.-- _tEfectos culturales de la ocupación francesa.-- _tSobre la consagración del mestizaje.-- _tEl código negro.-- _tApuntes sobre la clasificación racial.-- _tEducación en el período formativo.-- _tLa decadencia de la cultura borbónica dominicana.-- _tEl hombre dominicano en las crónicas francesas (1800- 1809).-- _tSiglos XVII y XVIII. Aspectos populares.-- _tEl carnaval, mascaradas y carnestolendas.-- _tVida festiva durante el siglo XVIII.-- _tRitual de cohesión social.-- _tAlgunas matrices formativas de nuestra vida cultural.-- _tLiteratura y colonia.-- _tLa criollizanción. _tResumen histórico.-- _tPalabras finales.-- _tBiografía.-- _tBibliografía. |
|
| 590 | _aInventariado 2022 / MF | ||
| 651 | 4 |
_927818 _aRepública Dominicana _xHistoria |
|
| 651 | 4 |
_9281 _aRepública Dominicana _xCondiciones sociales |
|
| 651 | 4 |
_943380 _aRepública Dominicana _xVida social y costumbres _xHistoria |
|
| 700 | 1 |
_aChez Checo, José, _d1949- _epról. _910145 |
|
| 910 | _aMFeliz/Validado.Control de calidad MFF | ||
| 942 |
_2ddc _cLBS1 |
||
| 999 |
_c51919 _d51919 |
||